100 prénoms féminins en A - Statistiques

Statistiques générales
  • Ce quiz a été pris 619 fois
  • Le résultat moyen est 28 sur 100
Statistiques - réponses
Réponse % Correct
Anna
84%
Anne
79%
Alice
76%
Amel
74%
Amélie
69%
Alicia
66%
Annie
61%
Aline
60%
Aurélie
60%
Amandine
59%
Adèle
53%
Agathe
53%
Anaïs
53%
Ange
53%
Alexa
51%
Ambre
50%
Adeline
48%
Alexandra
48%
Amélia
48%
Aurore
47%
Aria
46%
Audrey
46%
Alba
45%
Alexia
44%
Aude
43%
Annabelle
42%
Ava
42%
Angèle
38%
Alix
37%
Appoline
37%
Anaëlle
36%
Alma
35%
Andréa
35%
Astrid
35%
Aurélia
35%
Armelle
34%
Amina
33%
Annick
33%
Ariane
33%
Alizée
32%
Andrée
30%
Antoinette
30%
Agnès
29%
Albane
28%
Assia
28%
Angelina
27%
Athéna
27%
Aya
27%
Anastasia
26%
Adélaïde
25%
Alya
24%
Augustine
24%
Anita
23%
Anouk
23%
Arielle
23%
Amy
22%
Anissa
22%
Annette
22%
Ariana
22%
Abby
20%
Adrienne
20%
Aïcha
19%
Ania
19%
Adriana
18%
Aglaé
18%
Alexandrine
18%
Arlette
17%
Auriane
17%
Abigail
16%
Albertine
15%
Asma
15%
Alana
13%
Ashley
13%
Alisson
12%
Amira
12%
Aliya
11%
Améline
11%
April
11%
Athénaïs
11%
Alessia
10%
Aminata
10%
Angie
10%
Alexane
9%
Alexiane
9%
Aïda
8%
Ambrine
7%
Amaya
6%
Ayana
5%
Azra
5%
Aïssa
4%
Antonella
4%
Amalya
3%
Aïssatou
2%
Aylin
2%
Adonise
1%
Arthurine
1%
Audrie
1%
Armonia
0%
Arsenia
0%
Aurela
0%
Aucun quiz correspondant
Distribution des résultats
% des personnes avec chaque résultat
Percentile par nombre de réponses
Votre historique - résultats
Vous n’avez pas pris ce quiz